Образ человека в русской языковой картине мира (нормативный аспект); Прикладная филология и инженерное образование; Ч. 2

Dades bibliogràfiques
Parent link:Прикладная филология и инженерное образование: сборник научных трудов и материалов V Международной научно-практической конференции, Томск 2007 г./ Томский политехнический университет (ТПУ), Институт международного образования (ИМО) ; под ред. В. В. Максимова, И. А. Черемисиной, О. А. Казаковой.— , 2007
Ч. 2.— 2007.— С. 143-153
Autor principal: Ефанова Л. Г. Лариса Георгиевна
Idioma:rus
Publicat: 2007
Matèries:
Format: MixedMaterials Capítol de llibre
KOHA link:https://koha.lib.tpu.ru/cgi-bin/koha/opac-detail.pl?biblionumber=292694

MARC

LEADER 00000naa2a2200000 4500
001 292694
005 20231101001230.0
035 |a (RuTPU)RU\TPU\book\317330 
035 |a RU\TPU\book\314627 
090 |a 292694 
100 |a 20150424d2007 k y0rusy50 ca 
101 0 |a rus 
102 |a RU 
200 1 |a Образ человека в русской языковой картине мира (нормативный аспект)  |f Л. Г. Ефанова 
320 |a Библиогр.: с. 153 (2 назв.) 
461 0 |0 (RuTPU)RU\TPU\book\169986  |t Прикладная филология и инженерное образование  |o сборник научных трудов и материалов V Международной научно-практической конференции, Томск 2007 г.  |f Томский политехнический университет (ТПУ), Институт международного образования (ИМО) ; под ред. В. В. Максимова, И. А. Черемисиной, О. А. Казаковой  |d 2007 
463 0 |0 (RuTPU)RU\TPU\book\168788  |t Ч. 2  |v С. 143-153  |d 2007  |p 469 с. 
610 1 |a труды учёных ТПУ 
700 1 |a Ефанова  |b Л. Г.  |c лингвист  |c доцент Томского политехнического университета  |f 1961-  |g Лариса Георгиевна  |2 stltpush  |3 (RuTPU)RU\TPU\pers\31425 
801 1 |a RU  |b 63413507  |c 20120319 
801 2 |a RU  |b 63413507  |c 20150424  |g RCR 
942 |c BK